Desenhos animados - Statistics

Estatísticas Gerais
  • Esse quiz foi jogado 646 vezes
  • A pontuação média é 8 de 15
Estatísticas das Respostas
Hint Resposta % Correto
MargeEm Os Simpsons, qual o nome da esposa do Homer? Marge
87%
Em Bob Esponja, qual o nome do caracol de estimação do Bob Esponja? Gary
85%
Qual personagem (principal) da Turma da Mônica é o único a usar sapatos e possuir dedos nos pés? Cebolinha
82%
Quem é o protagonista de Dragon Ball? Goku
82%
Qual é o lema de Timão e Pumba? Hakuna matata
76%
Quem é o vilão de Bob Esponja? Plankton
71%
Qual o nomes dos biscoitos dados a Scooby e a Salsicha para encoraja-los a fazer algo? Biscoitos Scooby
66%
Em Hora de Aventura, qual o nome do aparelho eletrônico vivo de Finn e Jake? BMO
59%
Em Ben 10, qual foi o primeiro alien que o Ben se transformou acidentalmente? Chama
55%
Em Phineas e Ferb, qual o nome da irmã chata do Phineas e do Ferb? Candace
49%
Em Tom e Jerry, qual o nome do cachorro inimigo do Tom? Spike
36%
Em Gravity Falls, qual o nome do porco da Mabel? Waddles
30%
Em O Laboratório de Dexter, qual o nome da irmã chata do Dexter? Dee Dee
24%
No desenho Ursinho Pooh,Pooh tem um melhor amigo. Quem é o melhor amigo de Pooh? Christopher Robin
12%
Em Rugrats: Os Anjinhos, qual o nome do melhor amigo do Tommy? Chuckie
8%
Nenhum quiz correspondente encontrado
Distribuição das Pontuações
Porcentagem de Pessoas com Cada Pontuação
Percentil de Números Respondidos
Sua Pontuação Histórica
Você não jogou esse quiz